Normal view MARC view

Entry Personal Name

Number of records used in: 2

001 - CONTROL NUMBER

  • control field: 6297

003 - CONTROL NUMBER IDENTIFIER

  • control field: DLC

005 - DATE AND TIME OF LATEST TRANSACTION

  • control field: 20231007114856.0

008 - FIXED-LENGTH DATA ELEMENTS

  • fixed length control field: 910806n| azannaabn |b aaa

010 ## - LIBRARY OF CONGRESS CONTROL NUMBER

  • LC control number: n 91078318

035 ## - SYSTEM CONTROL NUMBER

  • System control number: (OCoLC)oca02996442

040 ## - CATALOGING SOURCE

  • Original cataloging agency: DLC
  • Language of cataloging: eng
  • Description conventions: rda
  • Transcribing agency: DLC
  • Modifying agency: DLC
  • Modifying agency: OCoLC
  • Modifying agency: TxHU
  • Modifying agency: OCoLC
  • Modifying agency: UPB

046 ## - SPECIAL CODED DATES

  • Birth date: 19560729

053 #0 - LC CLASSIFICATION NUMBER

  • Classification number element--single number or beginning number of span: PS3554.I86

100 1# - HEADING--PERSONAL NAME

  • Personal name: Divakaruni, Chitra Banerjee,
  • Dates associated with a name: 1956-

370 ## - ASSOCIATED PLACE

  • Place of birth: Kolkata (India)
  • Place of residence/headquarters: Houston (Tex.)
  • Source of term: naf

372 ## - FIELD OF ACTIVITY

  • Field of activity: Education
  • Field of activity: Children's literature
  • Field of activity: Poetry
  • Field of activity: Fiction
  • Field of activity: Essays
  • Source of term: lcsh

373 ## - ASSOCIATED GROUP

  • Associated group: University of Houston
  • Source of term: naf

374 ## - OCCUPATION

  • Occupation: College teachers
  • Occupation: Authors
  • Occupation: Human rights workers
  • Source of term: lcsh

375 ## - GENDER

  • Gender: female

377 ## - ASSOCIATED LANGUAGE

  • Language code: eng

378 ## - FULLER FORM OF PERSONAL NAME

  • Fuller form of personal name: Chitra Lekha Banerjee

400 1# - SEE FROM TRACING--PERSONAL NAME

  • Personal name: Divakaruni, Chitra Lekha Banerjee,
  • Dates associated with a name: 1956-

400 1# - SEE FROM TRACING--PERSONAL NAME

  • Personal name: דיוואקרוני, צ׳יטרה בנרג׳י,
  • Dates associated with a name: 1956-

400 1# - SEE FROM TRACING--PERSONAL NAME

  • Personal name: דיוואקרונ׳, צ׳יטרה בנרג׳י

670 ## - SOURCE DATA FOUND

  • Source citation: Her Black candle, c1991:
  • Information found: CIP t.p. (Chitra Banerjee Divakaruni) data sht. (b. 7-29-56)

670 ## - SOURCE DATA FOUND

  • Source citation: The palace of illusions, c2008:
  • Information found: t.p. (Chitra Lekha Banerjee Divakaruni)

670 ## - SOURCE DATA FOUND

  • Source citation: Grandma and the great gourd, 2013:
  • Information found: title page (retold by Chitra Banerjee Divakaruni) dust jacket (writes for adults and young readers; born in India; lives in Texas with her husband and family; teaches Creative Writing at the University of Houston)

670 ## - SOURCE DATA FOUND

  • Source citation: Chitra Banerjee Divakaruni, via WWW, Sept. 13, 2013
  • Information found: (lives in Houston, Texas; born in Kolkata, India; M.A., English, Wright State University; Ph.D., UC Berkeley)

670 ## - SOURCE DATA FOUND

  • Source citation: Wikipedia, Sept. 13, 2013
  • Information found: (Chitra Banerjee Divakaruni, an Indian-American author, poet, professor, and activist; has been given many awards for her writing; a co-founder and former president of Maitri, a helpline founded in 1991 for South Asian women dealing with domestic abuse)

Powered by Koha